| Tag |
First Indicator |
Second Indicator |
Subfields |
| LEADER |
00000cam a22000001 4500 |
| 001 |
in00000208621 |
| 005 |
20151009060036.0 |
| 008 |
700608s1967 nyua 00010 eng |
| 010 |
|
|
|a 68000500
|
| 035 |
|
|
|a (OCoLC)00363079
|
| 035 |
|
|
|9 AAX2505AM
|
| 040 |
|
|
|a DLC
|c DLC
|d TXA
|d UtOrBLW
|
| 043 |
|
|
|a n-us---
|
| 049 |
|
|
|a TXAM
|c [802251]
|
| 050 |
0 |
0 |
|a HF5549.A2
|b N27 no. 208
|
| 082 |
0 |
|
|a 658.32
|
| 100 |
1 |
|
|a Weeks, David A.
|
| 245 |
1 |
0 |
|a Overtime pay for exempt employees /
|c [by David A. Weeks.
|
| 264 |
|
1 |
|a New York :
|b National Industrial Conference Board,
|c 1967]
|
| 300 |
|
|
|a ii, 41 pages :
|b illustrations ;
|c 28 cm.
|
| 336 |
|
|
|a text
|b txt
|2 rdacontent
|
| 337 |
|
|
|a unmediated
|b n
|2 rdamedia
|
| 338 |
|
|
|a volume
|b nc
|2 rdacarrier
|
| 490 |
1 |
|
|a A Research report from the Conference Board. Studies in personnel policy, no. 208
|
| 500 |
|
|
|a Cover title.
|
| 650 |
|
0 |
|a Overtime
|z United States.
|
| 650 |
|
0 |
|a Supervisors
|z United States
|x Salaries, etc.
|
| 650 |
|
0 |
|a Executives
|z United States
|x Salaries, etc.
|
| 830 |
|
0 |
|a Studies in personnel policy ;
|v no. 208.
|
| 999 |
|
|
|a MARS
|
| 999 |
f |
f |
|s 26a2ff23-b921-3ed1-b74d-ea79c08b2cd8
|i 73d1d1ca-97dc-3994-8d19-060272a1a871
|t 0
|
| 952 |
f |
f |
|p normal
|a Texas A&M University
|b College Station
|c Sterling C. Evans Library
|d Evans: Library Stacks
|t 0
|e HF5549.A2 N27 no. 208
|h Library of Congress classification
|i unmediated -- volume
|m A14802816315
|
| 998 |
f |
f |
|a HF5549.A2 N27 no. 208
|t 0
|l Evans: Library Stacks
|